[Event "Schweinfurt op"]
[Site "Schweinfurt"]
[Date "2007.05.17"]
[Round "1"]
[White "Seidens, Udo"]
[Black "Seiler, Mario"]
[Result "1-0"]
[WhiteElo "2193"]
[BlackElo "1682"]
[PlyCount "85"]
[EventDate "2007.05.17"]
[EventType "swiss"]
[EventRounds "7"]
[EventCountry "GER"]
[SourceTitle "CBM 118 Extra"]
[Source "ChessBase"]
[SourceDate "2007.07.04"]
[SourceVersion "1"]
[SourceVersionDate "2007.07.04"]
[SourceQuality "1"]

1. c4 e6 2. Nf3 Nf6 3. g3 d5 4. Bg2 Be7 5. 0-0 0-0 6. b3 d4 7. Bb2 c5 8. b4 Nc6 9. b5 Na5 10. d3 Qc7 11. e4 e5 12. Nbd2 b6 13. h3 Nb7 14. Nh4 Be6 15. Nf5 Rae8 16. Nxe7+ Rxe7 17. f4 exf4 18. gxf4 Ne8 19. a4 f6 20. Nb3 g5 21. Bc1 gxf4 22. Bxf4 Qd7 23. Qf3 Kh8 24. Rf2 Rg8 25. Kh2 Reg7 26. a5 Nbd6 27. axb6 axb6 28. Ra6 Nc8 29. Nd2 Rg6 30. e5 f5 31. Nf1 Nc7 32. Ra1 Ne8 33. Ng3 Ne7 34. Ra6 Nc8 35. Qe2 Nc7 36. Ra1 Qg7 37. Nh5 Qf7 38. Nf6 R8g7 39. Bf3 Ne8 40. Bh5 Nxf6 41. exf6 Rg8 42. Re1 Bd7 43. Qf3 1-0